000 00368nam a2200157Ia 4500
008 221030s9999 xx 000 0 und d
020 _a8189547100
041 _aEnglish
082 _a105.23
_bDhu
100 _aM. Dhunna
245 0 _aMarketing Management - Text & Cases
260 _bWisdom Pub.
_aDelhi
_c2005
300 _a342
650 _aManagement
942 _cBK
999 _c578
_d578